书目信息 |
| 题名: |
腐蚀科学技术的应用和失效案例
|
|
| 作者: | 柯伟 , 杨武 主编 | |
| 分册: | ||
| 出版信息: | 北京 化学工业出版社 2006 |
|
| 页数: | 557页 | |
| 开本: | 26cm | |
| 丛书名: | 现代腐蚀科学和防蚀技术全书 | |
| 单 册: | ||
| 中图分类: | TB304 | |
| 科图分类: | ||
| 主题词: | 工程材料--腐蚀--研究 , 工程材料 , 腐蚀 | |
| 电子资源: | ||
| ISBN: | 7-5025-7829-3 | |
| 000 | 01038oam2 2200301 450 | |
| 001 | 003077307 | |
| 005 | 20080225094102.09 | |
| 010 | @a7-5025-7829-3@dCNY78.00 | |
| 035 | @a003077307 | |
| 100 | @a20060104d2006 em y0chiy0110 ea | |
| 101 | 0 | @achi |
| 102 | @aCN@b110000 | |
| 105 | @aa z 000yy | |
| 106 | @ar | |
| 200 | 1 | @a腐蚀科学技术的应用和失效案例@Afu shi ke xue ji shu de ying yong he shi xiao an li@f柯伟,杨武主编 |
| 210 | @a北京@c化学工业出版社@d2006 | |
| 215 | @a557页@c彩照@d26cm | |
| 225 | 2 | @a现代腐蚀科学和防蚀技术全书 |
| 330 | @a本书分上下两篇。上篇对一些重要领域的腐蚀特点、主要防腐蚀技术、防腐蚀科学技术的典型应用案例及发展动向作了评述和总结;下篇对腐蚀失效分析概论和常见腐蚀类型的部分典型案例予以介绍。 | |
| 461 | 0 | @1001002217267@12001 @a现代腐蚀科学和防蚀技术全书 |
| 606 | 0 | @a工程材料@x腐蚀@x研究 |
| 606 | 0 | @a工程材料 |
| 606 | 0 | @a腐蚀 |
| 690 | @aTB304@v4 | |
| 701 | 0 | @a柯伟@Ake wei@c(工程院士)@4主编 |
| 701 | 0 | @a杨武@Ayang wu@4主编 |
| 801 | 0 | @aCN@bNLC@c20080225 |
| 905 | @dTB304@e180@f2 | |
| 腐蚀科学技术的应用和失效案例/柯伟,杨武主编.-北京:化学工业出版社,2006 |
| 557页:彩照;26cm.-(现代腐蚀科学和防蚀技术全书) |
| ISBN 7-5025-7829-3:CNY78.00 |
| 本书分上下两篇。上篇对一些重要领域的腐蚀特点、主要防腐蚀技术、防腐蚀科学技术的典型应用案例及发展动向作了评述和总结;下篇对腐蚀失效分析概论和常见腐蚀类型的部分典型案例予以介绍。 |
| ● |
| 相关链接 |
|
|
|
|
正题名:腐蚀科学技术的应用和失效案例
索取号:TB304/180
 
预约/预借
| 序号 | 登录号 | 条形码 | 馆藏地/架位号 | 状态 | 备注 |
| 1 | 0614573 | 206145731 | 第二样本阅览室/ [索取号:TB304/180] | 在馆 | |
| 2 | 0614574 | 206145740 | 第三借阅区/ [索取号:TB304/180] | 在馆 |